Integračné procesy v priemysle Cvičenia

Guardado en:
Detalles Bibliográficos
Autor principal: Sršňová, Jana
Autor Corporativo: Vysoká škola ekonomická v Bratislave. Fakulta ekonomiky a riadenia výrobných odvetví
Otros Autores: Bajzíková, Ľubica, Fillová, Zdenka
Formato: Libro
Lenguaje:eslovaco
Publicado: Bratislava VŠE 1988
Edición:1. vyd.
Etiquetas: Agregar Etiqueta
Sin Etiquetas, Sea el primero en etiquetar este registro!

MARC

LEADER 00000nam a2200000 4500
001 c024604
005 20230116103333.7
041 0 |a slo 
044 |a SK 
245 1 0 |a Integračné procesy v priemysle  |b Cvičenia  |c Jana Sršňová, Ľubica Bajzíková, Zdenka Fillová 
250 |a 1. vyd. 
264 1 |a Bratislava  |b VŠE  |c 1988 
300 |a 125 s. 
100 1 |a Sršňová, Jana 
700 1 |a Bajzíková, Ľubica 
700 1 |a Fillová, Zdenka 
710 2 |a Vysoká škola ekonomická v Bratislave. Fakulta ekonomiky a riadenia výrobných odvetví